Statistiques concernant Culture Générale - Série 1450

Cliquez ici pour prendre le quiz!

Statistiques générales

  • Ce quiz a été pris 70 fois
  • Le résultat moyen est 8 sur 10

Statistiques - réponses

QuestionRéponse% Correct
De quel continent le détroit de Gibraltar sépare-t-il l'Europe ?Afrique
100%
Quel mot composé est l'autre nom donné au tennis de table ?ping-pong
97%
En France, quel prénom symbolise la République ?Marianne
94%
Lorsque l'on est mal vu par quelqu'un, on dit familièrement que l'on n'est pas "en odeur de...sainteté
83%
De quel animal se taille-t-on la part quand on prend la plus grosse part ?lion
83%
De quel nom d'animal l'adjectif "simien" est-il un dérivé ?singe
81%
De quelle ville nouvelle du Brésil, inaugurée en 1960, Oscar Niemeyer est-il l'un des architectes majeurs ?Brasilia
75%
Quel gaz à effet de serre, les vaches émettent-elle en grande quantité ?méthane
69%
A quelle superstar britannique doit-on les tubes "Your Song" et "Rocket Man" ?Elton John
56%
Dans un film de James Cameron, sur quelle planète l'avatar de Jake Sully est-il envoyé en mission d'infiltration ?Pandora
27%

Distribution des résultats

Percentile par nombre de réponses

% des personnes avec chaque résultat

Votre développement - résultats

Vous n’avez pas pris ce quiz